[Event "Collado Villalba 64 op 9th"]
[Site "Collado Villalba"]
[Date "2024.08.03"]
[Round "1"]
[White "Collado Cabeza, Javier"]
[Black "Albert Aparicio, Ismael"]
[Result "1-0"]
[WhiteElo "1629"]
[BlackElo "1920"]
[PlyCount "89"]
[EventDate "2024.08.03"]
[EventType "swiss"]
[EventRounds "9"]
[EventCountry "ESP"]
[SourceTitle "EXT 2025"]
[Source "ChessBase"]
[SourceDate "2024.10.14"]
[SourceVersion "1"]
[SourceVersionDate "2024.10.14"]
[SourceQuality "1"]

1. e4 e5 2. Nf3 Nc6 3. d4 exd4 4. Bc4 Nf6 5. e5 d5 6. Bb5 Ne4 7. Nxd4 Bd7 8. Bxc6 bxc6 9. 0-0 Bc5 10. f3 Ng5 11. f4 Ne4 12. Be3 Rb8 13. Nd2 Nxd2 14. Qxd2 Rxb2 15. f5 Bb4 16. Qf2 c5 17. e6 Ba4 18. exf7+ Kxf7 19. Ne6 Qd6 20. Qh4 Bxc2 21. Qh5+ Ke7 22. Qg5+ Ke8 23. Qxg7 d4 24. Qxh8+ Kd7 25. Bf4 Be4 26. Rf2 Rxf2 27. Kxf2 Qe7 28. Qe5 Bd3 29. Qxc7+ Ke8 30. Bg5 Qxc7 31. Nxc7+ Kd7 32. Nd5 Bxf5 33. Nxb4 cxb4 34. Rd1 d3 35. Bd2 Kc6 36. Bxb4 Kb5 37. a3 a5 38. Bd2 Ka4 39. Ke3 Kxa3 40. Ra1+ Kb2 41. Rxa5 Bg6 42. g4 Kc2 43. h4 Kd1 44. h5 Bf7 45. Kxd3 1-0